Bilecik Bilecik Bilecik Bilecik Bilecik

Tom Sawyer: İngilizce-Türkçe karşılıklı hikayeler/ (Record no. 74265)

MARC details
000 -BAŞLIK
Sabit Uzunluktaki Kontrol Alanı 01027nam a22003257a 4500
001 - KONTROL NUMARASI
Control Dosyası 0073511
003 - KONTROL NUMARASI KİMLİĞİ
Kontrol Alanı KOHA_MİRAKIL
005 - EN SON İŞLEM TARİHİ ve ZAMANI
Kontrol Alanı 20260207005142.0
007 - FİZİKSEL TANIM SABİT ALAN - GENEL BİLGİ
Sabit uzunluklu kontrol alanı ta
008 - SABİT UZUNLUKTAKİ VERİ ÖGELERİ - GENEL BİLGİ
Sabit Alan 250425b2017 tu |||gr||||#0|||1|tur |
020 ## - ISBN - ULUSLARARASI STANDART KİTAP NUMARASI
Isbn 9789752474697
040 ## - KATALOGLAMA KAYNAĞI
Özgün Kataloglama Kurumu TR-BiSEU
Kataloglama Dili tur
Çeviri Kurumu TR-BiSEU
Açıklama Kuralları rda
041 0# - DİL KODU
Metin ya da ses kaydının dil kodu tur
-- eng
044 ## - YAYINLAYAN/ÜRETEN KURULUŞUN ÜLKE KODU
ISO country code tu
050 ## - SINIFLAMA ve YER NUMARASI
Sınıflama Numarası PE1126.A4
Yer Numarası T83 2017
245 0# - ESER ADI BİLDİRİMİ
Başlık Tom Sawyer: İngilizce-Türkçe karşılıklı hikayeler/
Sorumluluk Bildirimi Editör Metin Gökçe .
264 #1 - ÜRERİM, YAYIN, DAĞITIM ve TELİF BİLDİRİMİ
Yayın yeri Eskişehir :
Yayınlayan Dorlion Yayınları
Yayın tarihi 2017
300 ## - FİZİKSEL TANIMLAMA
Sayfa, Cilt vb. 68 sayfa; 20 cm.
336 ## - İÇERİK TÜRÜ
Content type term metin
Content type code txt
Source rdacontent
337 ## - MEDYA TÜRÜ
Media type term aracısız
Media type code n
Source rdamedia
338 ## - TAŞIYICI TÜRÜ
Carrier type term cilt
Carrier type code nc
Source rdacarrier
650 #0 - KONU BAŞLIĞI EK GİRİŞ - KONU TERİMİ
Konusal terim veya coğrafi ad İngilizce--Egzersizler, Problemler.
9 (RLIN) 148135
650 #0 - KONU BAŞLIĞI EK GİRİŞ - KONU TERİMİ
Konusal terim veya coğrafi ad İngilizce hikaye kitapları.
9 (RLIN) 148136
650 #0 - KONU BAŞLIĞI EK GİRİŞ - KONU TERİMİ
Konusal terim veya coğrafi ad İngiliz Dili--Eğitim.
9 (RLIN) 148137
650 #0 - KONU BAŞLIĞI EK GİRİŞ - KONU TERİMİ
Konusal terim veya coğrafi ad English--Exercises, Problems.
9 (RLIN) 148138
650 #0 - KONU BAŞLIĞI EK GİRİŞ - KONU TERİMİ
Konusal terim veya coğrafi ad English story books.
9 (RLIN) 148139
650 #0 - KONU BAŞLIĞI EK GİRİŞ - KONU TERİMİ
Konusal terim veya coğrafi ad English Language--Education.
9 (RLIN) 148140
907 ## - LOCAL DATA ELEMENT G, LDG (RLIN)
a Okuma Kitabı
942 ## - EK GİRİŞ ÖGELERİ (KOHA)
Source of classification or shelving scheme Library of Congress Classification
Koha item type Book
Holdings
Materyal Türü Kalıcı Konum Mevcut Konum Raf Yeri Sınıflandırma Kaynağı Edinim Bilgisi Ana Konular Alt Konular Yer Numarası Demirbaş Numarası Fatura Tarihi Geri Çekilme Durumu Kayıp Durumu Hasarlı Durumu Kredi için değil Kayıt Tarih Toplam Ödünçverme Son Görülme Tarihi Son Kontrol Tarihi Genel / Bağış Notu
Book BŞEÜ Osmaneli MYO Kütüphanesi BŞEÜ Osmaneli MYO Kütüphanesi   Library of Congress Classification Bağış DİL VE EDEBİYAT İngiliz Dili PE1126.A4 T83 2019 0073671 02/02/2026         25/04/2025   22/08/2025 22/08/2025 Genel Bağış
Book Prof. Dr. Azmi Özcan Kütüphanesi Prof. Dr. Azmi Özcan Kütüphanesi Birûni Salonu Library of Congress Classification Bağış DİL VE EDEBİYAT İngiliz Dili PE1126.A4 T83 2017 0073511 02/02/2026         21/03/2025 3 13/05/2025 13/05/2025 Enes VELİ , Akademisyen